| 000 | 01006nam a22003017a 4500 | ||
|---|---|---|---|
| 001 | 7349 | ||
| 003 | FISKH | ||
| 005 | 20250710102327.0 | ||
| 008 | 250710b cb ||||| |||| 00| 0 eng d | ||
| 020 | _a9780440404200 | ||
| 040 |
_aFISKH _beng _cFISKH _dFISKH |
||
| 050 | _a PZ7.K5893 B | ||
| 082 | _a 823.914 | ||
| 100 |
_aKing-Smith, Dick _d(1922–2011) |
||
| 245 |
_aBabe : _bThe gallant pig / _cWritten by Dick King-Smith ; Illustrated by Mary Rayner |
||
| 250 | _aThis edition first published in 1987 | ||
| 260 |
_aNew York : _bA yearling book, _c1983 |
||
| 300 |
_a118 pages : _billustrations ; _c20 cm |
||
| 505 | _aR | ||
| 520 | _aA piglet destined for eventual butchering arrives at the farmyard, is adopted by an old sheep dog, and discovers a special secret to success. | ||
| 521 | 8 |
_a760
_bLexile |
|
| 521 | 8 |
_aR
_bRaz-Plus |
|
| 650 |
_2Animals _aTalking animals |
||
| 650 |
_2Pigs _aSheepdogs |
||
| 700 |
_aRayner, Mary _dillustrator |
||
| 942 |
_2ddc _cBK _n0 |
||
| 999 |
_c7349 _d7349 |
||